000
00283nam a2200109Ia 4500
008
190914s9999||||xx |||||||||||||| ||und||
100
_a
Kenneth C. Laudon
245
0
_a
Essentials Of Management Information Systems
260
_a
New York
_b
Addision
_c
2000
300
_a
644
942
_c
BK
999
_c
8652
_d
8652